000 00448nam a22001697a 4500
003 BD-ChCU
005 20260226125524.0
008 260226b bg ||||| |||| 00| 0 ben d
040 _cBD-ChCU
082 _a330.16 TAM
100 _aTapas Majumdar.
_920646
245 _aThe Measurement of utility ./
_cMajumdar ,Tapas.
260 _aLondon :
_bMacMillan ,
_cC 1961
300 _axiv , 143p
650 0 _aEconomics .
_920647
942 _2ddc
_cBK
_n0
999 _c111771
_d111771